Statistics for FIFA World Cup Top 4 Positions - Yellow Box

Click here to take the quiz!

General Stats

  • This quiz has been taken 359 times
  • The average score is 54 of 88

Answer Stats

Year1st Place% Correct
2022Argentina
99%
2018France
99%
2002Brazil
98%
2014Germany
98%
2010Spain
98%
1998France
97%
2006Italy
97%
1994Brazil
96%
1986Argentina
92%
1966England
92%
1930Uruguay
92%
1970Brazil
90%
1962Brazil
90%
2022France
90%
1982Italy
90%
1978Argentina
89%
1958Brazil
89%
2018Croatia
89%
1938Italy
88%
1934Italy
88%
1974West Germany
88%
1990West Germany
88%
1950Uruguay
87%
2014Argentina
86%
1954West Germany
86%
2010Netherlands
85%
2006France
82%
2002Germany
80%
1998Brazil
79%
1994Italy
76%
1990Argentina
72%
1986West Germany
70%
2022Croatia
69%
1978Netherlands
66%
1966West Germany
66%
2018Belgium
65%
1974Netherlands
64%
1982West Germany
64%
1970Italy
63%
1950Brazil
62%
2022Morocco
62%
2014Netherlands
62%
2014Brazil
61%
2018England
60%
2010Germany
60%
1954Hungary
58%
1958Sweden
57%
2006Germany
56%
2002South Korea
56%
1930Argentina
55%
2002Turkey
55%
2010Uruguay
52%
2006Portugal
51%
1962Czechoslovakia
50%
1938Hungary
48%
1990Italy
48%
1934Czechoslovakia
46%
1998Croatia
45%
1998Netherlands
44%
1994Bulgaria
43%
1994Sweden
43%
1986France
42%
1978Brazil
41%
1990England
41%
1930United States
41%
1966Portugal
40%
1970West Germany
39%
1982Poland
38%
1966Soviet Union
38%
1986Belgium
37%
1982France
37%
1974Poland
37%
1938Brazil
36%
1974Brazil
36%
1962Chile
36%
1958France
35%
1930Yugoslavia
34%
1978Italy
33%
1950Spain
32%
1958West Germany
32%
1962Yugoslavia
32%
1954Austria
31%
1970Uruguay
31%
1934Austria
29%
1950Sweden
29%
1954Uruguay
28%
1934Germany
26%
1938Sweden
26%

Score Distribution

Percentile by Number Answered

Percent of People with Each Score

Your Score History

You have not taken this quiz